[Event "Greek Team Championship"]
[Site "chess24.com"]
[Date "2017.07.03"]
[Round "1"]
[White "Kazakos, Markos"]
[Black "Alexakis, Georgios"]
[Result "1/2-1/2"]
[Board "9"]
[WhiteElo "1808"]
[WhiteCountry "GRE"]
[WhiteFideId "25811363"]
[WhiteEloChange "6"]
[BlackElo "2048"]
[BlackCountry "GRE"]
[BlackFideId "4255038"]
[BlackEloChange "-6"]

1. g3 {[%clk 1:30:52]} e5 {[%clk 1:30:30]} 2. Bg2 {[%clk 1:31:14]} d5 {[%clk
1:30:06]} 3. d3 {[%clk 1:31:23]} c6 {[%clk 1:28:02]} 4. Nf3 {[%clk 1:30:54]} Bd6
{[%clk 1:27:46]} 5. e4 {[%clk 1:28:21]} Ne7 {[%clk 1:21:25]} 6. O-O {[%clk
1:26:07]} O-O {[%clk 1:18:41]} 7. Nbd2 {[%clk 1:12:32]} f5 {[%clk 1:14:00]} 8. c3
{[%clk 1:09:56]} Na6 {[%clk 1:07:10]} 9. Re1 {[%clk 1:05:37]} Ng6 {[%clk
0:44:48]} 10. h4 {[%clk 0:57:17]} fxe4 {[%clk 0:37:57]} 11. dxe4 {[%clk 0:57:07]}
Bg4 {[%clk 0:32:36]} 12. exd5 {[%clk 0:51:52]} cxd5 {[%clk 0:28:23]} 13. Qb3
{[%clk 0:42:12]} Bc5 {[%clk 0:20:37]} 14. Qxb7 {[%clk 0:35:22]} Qd6 {[%clk
0:16:29]} 15. Qb3 {[%clk 0:22:24]} Rab8 {[%clk 0:15:51]} 16. Qa4 {[%clk 0:17:50]}
e4 {[%clk 0:11:33]} 17. Rxe4 {[%clk 0:09:03]} Bxf3 {[%clk 0:09:37]} 18. Nxf3
{[%clk 0:08:43]} dxe4 {[%clk 0:09:43]} 19. Qxe4 {[%clk 0:09:02]} Nc7 {[%clk
0:09:00]} 20. h5 {[%clk 0:08:38]} Ne7 {[%clk 0:07:04]} 21. b4 {[%clk 0:07:31]}
Bb6 {[%clk 0:06:13]} 22. Bf4 {[%clk 0:06:58]} Rxf4 {[%clk 0:04:13]} 23. gxf4
{[%clk 0:06:30]} h6 {[%clk 0:03:28]} 24. Bf1 {[%clk 0:04:08]} Rf8 {[%clk
0:02:32]} 25. Bc4+ {[%clk 0:02:48]} Kh8 {[%clk 0:02:05]} 26. Ne5 {[%clk 0:02:48]}
Qf6 {[%clk 0:00:39]} 27. Rd1 {[%clk 0:00:58]} g6 {[%clk 0:00:38]} 28. Rd7 {[%clk
0:00:52]} Re8 {[%clk 0:00:34]} 29. Rxe7 {[%clk 0:01:04]} Rxe7 {[%clk 0:00:49]}
30. Nxg6+ {[%clk 0:01:28]} Qxg6+ {[%clk 0:00:42]} 31. Qxg6 {[%clk 0:01:09]} Rg7
{[%clk 0:01:09]} 32. a4 {[%clk 0:00:35]} Rxg6+ {[%clk 0:01:12]} 33. hxg6 {[%clk
0:01:03]} Ne8 {[%clk 0:01:34]} 34. Bd3 {[%clk 0:00:38]} Bc7 {[%clk 0:01:45]} 35.
f5 {[%clk 0:00:50]} Kg7 {[%clk 0:01:36]} 36. c4 {[%clk 0:00:58]} Kf6 {[%clk
0:01:07]} 37. c5 {[%clk 0:01:03]} Be5 {[%clk 0:00:58]} 38. b5 {[%clk 0:00:41]}
Bd4 {[%clk 0:01:03]} 39. b6 {[%clk 0:00:37]} axb6 {[%clk 0:01:27]} 40. cxb6
{[%clk 0:30:54]} Bxb6 {[%clk 0:31:49]} 41. Kg2 {[%clk 0:29:46]} Nd6 {[%clk
0:25:28]} 42. Kg3 {[%clk 0:22:51]} Ne8 {[%clk 0:22:27]} 43. Be4 {[%clk 0:07:52]}
Ng7 {[%clk 0:21:11]} 44. f3 {[%clk 0:06:51]} Ba5 {[%clk 0:20:30]} 45. Kg4 {[%clk
0:06:03]} h5+ {[%clk 0:19:32]} 46. Kh3 {[%clk 0:06:02]} Be1 {[%clk 0:19:08]} 47.
Bd3 {[%clk 0:05:27]} Kg5 {[%clk 0:16:34]} 48. Be4 {[%clk 0:03:54]} Bd2 {[%clk
0:11:14]} 49. Bd3 {[%clk 0:03:46]} h4 {[%clk 0:09:40]} 50. a5 {[%clk 0:02:39]}
Nh5 {[%clk 0:05:06]} 51. a6 {[%clk 0:01:41]} Be3 {[%clk 0:05:29]} 52. g7 {[%clk
0:00:58]} Nxg7 {[%clk 0:05:54]} 53. f4+ {[%clk 0:01:15]} Kf6 {[%clk 0:05:36]} 54.
Kxh4 {[%clk 0:01:37]} 1/2-1/2

[Event "Greek Team Championship"]
[Site "chess24.com"]
[Date "2017.07.03"]
[Round "1"]
[White "Kokolakis, Panagiotis"]
[Black "Pilalis, Ernestos"]
[Result "1-0"]
[Board "10"]
[WhiteElo "1351"]
[WhiteCountry "GRE"]
[WhiteFideId "4291115"]
[WhiteEloChange "5"]
[BlackElo "1174"]
[BlackCountry "GRE"]
[BlackFideId "65800052"]
[BlackEloChange "-5"]

1. e4 {[%clk 1:30:55]} c5 {[%clk 1:30:54]} 2. Nf3 {[%clk 1:31:22]} e6 {[%clk
1:31:11]} 3. d4 {[%clk 1:31:48]} Nc6 {[%clk 1:31:17]} 4. Nc3 {[%clk 1:31:42]}
cxd4 {[%clk 1:31:01]} 5. Nxd4 {[%clk 1:32:11]} Bb4 {[%clk 1:31:04]} 6. Nxc6
{[%clk 1:32:19]} bxc6 {[%clk 1:31:19]} 7. Qd4 {[%clk 1:31:38]} Bxc3+ {[%clk
1:30:07]} 8. Qxc3 {[%clk 1:31:09]} Nf6 {[%clk 1:30:21]} 9. Bd3 {[%clk 1:27:58]}
O-O {[%clk 1:27:10]} 10. O-O {[%clk 1:25:50]} Qc7 {[%clk 1:24:34]} 11. Bg5 {[%clk
1:23:02]} Ng4 {[%clk 1:22:54]} 12. g3 {[%clk 1:23:17]} Qe5 {[%clk 1:21:44]} 13.
Qd2 {[%clk 1:11:48]} Qxb2 {[%clk 1:16:27]} 14. Rab1 {[%clk 1:01:08]} Qe5 {[%clk
1:07:08]} 15. Kg2 {[%clk 0:57:55]} h6 {[%clk 1:03:50]} 16. Bf4 {[%clk 0:53:36]}
Qf6 {[%clk 1:01:00]} 17. Qa5 {[%clk 0:52:21]} e5 {[%clk 0:56:53]} 18. f3 {[%clk
0:50:57]} exf4 {[%clk 0:51:17]} 19. fxg4 {[%clk 0:50:11]} g5 {[%clk 0:50:03]} 20.
gxf4 {[%clk 0:40:19]} gxf4 {[%clk 0:47:32]} 21. Qd2 {[%clk 0:36:34]} d6 {[%clk
0:45:34]} 22. Rxf4 {[%clk 0:36:56]} Qg5 {[%clk 0:45:41]} 23. Be2 {[%clk 0:34:45]}
Rd8 {[%clk 0:43:24]} 24. Rbf1 {[%clk 0:31:05]} Be6 {[%clk 0:38:37]} 25. Qb4
{[%clk 0:17:30]} Rab8 {[%clk 0:37:15]} 26. Qa4 {[%clk 0:16:55]} Qc5 {[%clk
0:36:59]} 27. c3 {[%clk 0:10:49]} Rb2 {[%clk 0:37:06]} 28. R1f2 {[%clk 0:10:17]}
Rxa2 {[%clk 0:34:29]} 29. Qd4 {[%clk 0:10:43]} Qxd4 {[%clk 0:34:24]} 30. cxd4
{[%clk 0:11:11]} Ra4 {[%clk 0:33:46]} 31. e5 {[%clk 0:10:47]} dxe5 {[%clk
0:33:52]} 32. dxe5 {[%clk 0:10:56]} Rxf4 {[%clk 0:34:16]} 33. Rxf4 {[%clk
0:11:07]} c5 {[%clk 0:33:56]} 34. Ra4 {[%clk 0:07:44]} Rd7 {[%clk 0:33:49]} 35.
Ra5 {[%clk 0:07:47]} Rc7 {[%clk 0:34:03]} 36. Kf1 {[%clk 0:06:56]} c4 {[%clk
0:34:00]} 37. Ra1 {[%clk 0:06:22]} c3 {[%clk 0:34:15]} 38. Ke1 {[%clk 0:05:16]}
a5 {[%clk 0:33:19]} 39. Kd1 {[%clk 0:04:54]} c2+ {[%clk 0:33:11]} 40. Kc1 {[%clk
0:35:06]} Rc5 {[%clk 1:02:59]} 41. Bf3 {[%clk 0:33:28]} Kg7 {[%clk 1:02:39]} 42.
Ra3 {[%clk 0:33:00]} Kg6 {[%clk 1:02:06]} 43. h4 {[%clk 0:31:39]} f5 {[%clk
0:59:14]} 44. gxf5+ {[%clk 0:27:45]} Bxf5 {[%clk 0:59:20]} 45. Re3 {[%clk
0:26:54]} a4 {[%clk 0:58:16]} 46. e6 {[%clk 0:26:37]} Rb5 {[%clk 0:56:13]} 47.
Be4 {[%clk 0:26:45]} Bxe4 {[%clk 0:55:56]} 48. Rxe4 {[%clk 0:24:58]} Rb8 {[%clk
0:56:17]} 49. Rxa4 {[%clk 0:21:36]} Re8 {[%clk 0:55:56]} 50. Ra6 {[%clk 0:19:33]}
Kh5 {[%clk 0:54:52]} 51. Kxc2 {[%clk 0:19:27]} Kxh4 {[%clk 0:55:06]} 52. Kd3
{[%clk 0:19:18]} Kg5 {[%clk 0:55:12]} 53. Ke4 {[%clk 0:18:32]} h5 {[%clk
0:54:59]} 54. Ke5 {[%clk 0:18:34]} Rd8 {[%clk 0:54:25]} 55. e7 {[%clk 0:17:25]}
Re8 {[%clk 0:54:40]} 56. Ke6 {[%clk 0:17:54]} Kg6 {[%clk 0:54:55]} 57. Kd7+
{[%clk 0:17:57]} Kf7 {[%clk 0:55:14]} 58. Rf6+ {[%clk 0:18:20]} Kxf6 {[%clk
0:55:09]} 59. Kxe8 {[%clk 0:18:40]} 1-0

[Event "Greek Team Championship"]
[Site "chess24.com"]
[Date "2017.07.03"]
[Round "1"]
[White "Warmerdam, Max"]
[Black "David, Alberto"]
[Result "0-1"]
[Board "1"]
[WhiteElo "2358"]
[WhiteTitle "FM"]
[WhiteCountry "NED"]
[WhiteFideId "1048104"]
[WhiteEloChange "-5"]
[BlackElo "2567"]
[BlackTitle "GM"]
[BlackCountry "ITA"]
[BlackFideId "4000013"]
[BlackEloChange "2"]

1. e4 {[%clk 1:30:57]} e6 {[%clk 1:30:44]} 2. d4 {[%clk 1:31:23]} d5 {[%clk
1:31:10]} 3. Nc3 {[%clk 1:31:49]} Nf6 {[%clk 1:31:25]} 4. Bg5 {[%clk 1:32:11]}
Bb4 {[%clk 1:31:33]} 5. e5 {[%clk 1:32:35]} h6 {[%clk 1:31:53]} 6. Bc1 {[%clk
1:33:00]} Ne4 {[%clk 1:30:25]} 7. Qg4 {[%clk 1:33:25]} Kf8 {[%clk 1:13:21]} 8.
Ne2 {[%clk 1:33:37]} Nxc3 {[%clk 0:58:58]} 9. bxc3 {[%clk 1:21:06]} Ba5 {[%clk
0:56:44]} 10. Ba3+ {[%clk 0:58:26]} Kg8 {[%clk 0:56:32]} 11. O-O-O {[%clk
0:58:21]} Nd7 {[%clk 0:29:15]} 12. h4 {[%clk 0:37:50]} Qe8 {[%clk 0:09:58]} 13.
Rd3 {[%clk 0:34:55]} f5 {[%clk 0:09:34]} 14. Qh3 {[%clk 0:34:43]} Nb6 {[%clk
0:09:25]} 15. Bb4 {[%clk 0:29:41]} Nc4 {[%clk 0:08:53]} 16. Nf4 {[%clk 0:25:19]}
Qa4 {[%clk 0:08:11]} 17. Rg3 {[%clk 0:25:35]} Bxb4 {[%clk 0:08:16]} 18. cxb4
{[%clk 0:25:51]} Qxa2 {[%clk 0:08:34]} 19. Bxc4 {[%clk 0:26:15]} Qa1+ {[%clk
0:08:49]} 20. Kd2 {[%clk 0:25:53]} Qxd4+ {[%clk 0:09:14]} 21. Bd3 {[%clk
0:23:07]} Qxf4+ {[%clk 0:09:36]} 22. Kd1 {[%clk 0:23:28]} Bd7 {[%clk 0:05:55]}
23. Rg6 {[%clk 0:22:02]} a5 {[%clk 0:05:40]} 24. g4 {[%clk 0:20:50]} axb4 {[%clk
0:04:36]} 25. gxf5 {[%clk 0:20:35]} Qxf2 {[%clk 0:04:04]} 26. Qg4 {[%clk
0:19:28]} Ra1# {[%clk 0:04:04]} 0-1

[Event "Greek Team Championship"]
[Site "chess24.com"]
[Date "2017.07.03"]
[Round "1"]
[White "Theodorou, Nikolas"]
[Black "Roinos, Ilias"]
[Result "1-0"]
[Board "2"]
[WhiteElo "2500"]
[WhiteTitle "IM"]
[WhiteCountry "GRE"]
[WhiteFideId "4262875"]
[WhiteEloChange "1"]
[BlackElo "2198"]
[BlackCountry "GRE"]
[BlackFideId "4232402"]
[BlackEloChange "-3"]

1. e4 {[%clk 1:30:57]} e5 {[%clk 1:30:48]} 2. Nf3 {[%clk 1:31:21]} Nc6 {[%clk
1:31:11]} 3. Nc3 {[%clk 1:30:44]} Nf6 {[%clk 1:30:56]} 4. Bb5 {[%clk 1:31:06]}
Bc5 {[%clk 1:28:47]} 5. O-O {[%clk 1:31:16]} O-O {[%clk 1:27:43]} 6. Nxe5 {[%clk
1:31:18]} Nxe5 {[%clk 1:10:28]} 7. d4 {[%clk 1:31:45]} Bb4 {[%clk 1:10:48]} 8.
dxe5 {[%clk 1:31:41]} Bxc3 {[%clk 1:10:38]} 9. bxc3 {[%clk 1:31:42]} Nxe4 {[%clk
1:10:44]} 10. Qd4 {[%clk 1:31:37]} d5 {[%clk 0:32:58]} 11. f3 {[%clk 1:23:46]}
Ng5 {[%clk 0:32:16]} 12. f4 {[%clk 1:07:03]} Ne6 {[%clk 0:29:25]} 13. Qe3 {[%clk
1:06:12]} c6 {[%clk 0:29:32]} 14. Bd3 {[%clk 1:06:18]} Qb6 {[%clk 0:29:20]} 15.
f5 {[%clk 1:04:27]} Nc7 {[%clk 0:27:34]} 16. a4 {[%clk 1:03:09]} Re8 {[%clk
0:26:53]} 17. Qxb6 {[%clk 1:03:04]} axb6 {[%clk 0:27:15]} 18. Bf4 {[%clk
1:03:32]} Na6 {[%clk 0:23:59]} 19. a5 {[%clk 0:50:30]} b5 {[%clk 0:23:19]} 20. g4
{[%clk 0:50:02]} Nc5 {[%clk 0:22:43]} 21. Bg3 {[%clk 0:49:49]} Bd7 {[%clk
0:13:27]} 22. h4 {[%clk 0:45:38]} Na4 {[%clk 0:09:34]} 23. Rae1 {[%clk 0:45:30]}
Nxc3 {[%clk 0:08:57]} 24. e6 {[%clk 0:45:23]} fxe6 {[%clk 0:09:08]} 25. f6 {[%clk
0:45:50]} gxf6 {[%clk 0:08:42]} 26. Rxf6 {[%clk 0:46:15]} Rf8 {[%clk 0:08:21]}
27. Rh6 {[%clk 0:43:04]} Ne4 {[%clk 0:08:34]} 28. Be5 {[%clk 0:41:37]} Be8 {[%clk
0:04:31]} 29. h5 {[%clk 0:31:06]} c5 {[%clk 0:03:56]} 30. Bxe4 {[%clk 0:28:42]}
dxe4 {[%clk 0:04:20]} 31. Bd6 {[%clk 0:24:47]} Rf3 {[%clk 0:04:12]} 32. Rxe6
{[%clk 0:25:11]} Bc6 {[%clk 0:04:14]} 33. Bxc5 {[%clk 0:20:26]} Rg3+ {[%clk
0:03:04]} 34. Kh2 {[%clk 0:20:55]} Rxg4 {[%clk 0:03:25]} 35. Re5 {[%clk 0:21:21]}
Rd8 {[%clk 0:02:46]} 36. Rf1 {[%clk 0:20:10]} Rd2+ {[%clk 0:02:18]} 37. Kh3
{[%clk 0:19:33]} Rdg2 {[%clk 0:02:27]} 38. Rf8+ {[%clk 0:14:32]} Kg7 {[%clk
0:02:51]} 39. Re6 {[%clk 0:13:01]} R4g3+ {[%clk 0:02:01]} 40. Kh4 {[%clk
0:43:30]} Rg4+ {[%clk 0:32:23]} 41. Kh3 {[%clk 0:43:58]} R4g3+ {[%clk 0:14:25]}
42. Kh4 {[%clk 0:43:38]} Rg4+ {[%clk 0:12:48]} 43. Kh3 {[%clk 0:43:33]} h6 {[%clk
0:09:34]} 44. Ref6 {[%clk 0:43:56]} Kh7 {[%clk 0:05:52]} 45. R6f7+ {[%clk
0:44:08]} Rg7 {[%clk 0:06:14]} 46. Rxg7+ {[%clk 0:43:05]} Kxg7 {[%clk 0:06:11]}
47. Kxg2 {[%clk 0:43:05]} 1-0

[Event "Greek Team Championship"]
[Site "chess24.com"]
[Date "2017.07.03"]
[Round "1"]
[White "Kordis, Konstantinos"]
[Black "Naoum, Spyridon"]
[Result "0-1"]
[Board "3"]
[WhiteElo "2149"]
[WhiteCountry "GRE"]
[WhiteFideId "4205197"]
[WhiteEloChange "-7"]
[BlackElo "2267"]
[BlackCountry "GRE"]
[BlackFideId "4227506"]
[BlackEloChange "7"]

1. e4 {[%clk 1:30:56]} c5 {[%clk 1:30:33]} 2. Nf3 {[%clk 1:31:18]} e6 {[%clk
1:30:09]} 3. d4 {[%clk 1:31:40]} cxd4 {[%clk 1:30:37]} 4. Nxd4 {[%clk 1:32:04]}
a6 {[%clk 1:31:01]} 5. Nc3 {[%clk 1:32:08]} Qc7 {[%clk 1:30:38]} 6. Be2 {[%clk
1:32:24]} b5 {[%clk 1:29:20]} 7. O-O {[%clk 1:32:23]} Bb7 {[%clk 1:29:41]} 8. Bf3
{[%clk 1:32:25]} Nc6 {[%clk 1:16:47]} 9. g3 {[%clk 1:25:56]} Nf6 {[%clk 1:10:58]}
10. Re1 {[%clk 1:22:53]} Ne5 {[%clk 0:50:23]} 11. Bg2 {[%clk 1:20:51]} Bc5 {[%clk
0:49:47]} 12. Nb3 {[%clk 0:53:32]} Ba7 {[%clk 0:45:30]} 13. h3 {[%clk 0:47:23]}
O-O {[%clk 0:33:58]} 14. a4 {[%clk 0:45:42]} b4 {[%clk 0:29:28]} 15. Na2 {[%clk
0:45:45]} Nc4 {[%clk 0:19:00]} 16. Nd4 {[%clk 0:38:43]} Qc5 {[%clk 0:10:31]} 17.
c3 {[%clk 0:37:39]} bxc3 {[%clk 0:10:29]} 18. bxc3 {[%clk 0:38:00]} e5 {[%clk
0:10:30]} 19. Nf5 {[%clk 0:37:44]} Qxf2+ {[%clk 0:10:44]} 20. Kh2 {[%clk
0:37:41]} Bxe4 {[%clk 0:06:04]} 21. Nh4 {[%clk 0:29:36]} Bxg2 {[%clk 0:03:44]}
22. Nxg2 {[%clk 0:29:59]} d5 {[%clk 0:03:23]} 23. Rf1 {[%clk 0:28:53]} Qb6 {[%clk
0:03:27]} 24. Nb4 {[%clk 0:28:50]} Qe6 {[%clk 0:03:29]} 25. a5 {[%clk 0:27:29]}
d4 {[%clk 0:02:59]} 26. cxd4 {[%clk 0:25:49]} Bxd4 {[%clk 0:03:22]} 27. Ra2
{[%clk 0:26:04]} Rab8 {[%clk 0:03:37]} 28. Qa4 {[%clk 0:25:52]} Ne4 {[%clk
0:02:55]} 29. Rc2 {[%clk 0:23:37]} Nc5 {[%clk 0:02:34]} 0-1

[Event "Greek Team Championship"]
[Site "chess24.com"]
[Date "2017.07.03"]
[Round "1"]
[White "Georgakopoulos, Nikolaos K."]
[Black "Zervos, Lazaros"]
[Result "0-1"]
[Board "4"]
[WhiteElo "2047"]
[WhiteCountry "GRE"]
[WhiteFideId "4283430"]
[WhiteEloChange "-9"]
[BlackElo "2082"]
[BlackCountry "GRE"]
[BlackFideId "4238362"]
[BlackEloChange "9"]

1. e4 {[%clk 1:30:57]} e5 {[%clk 1:30:37]} 2. Nf3 {[%clk 1:31:22]} Nc6 {[%clk
1:30:40]} 3. Bb5 {[%clk 1:31:49]} a6 {[%clk 1:30:22]} 4. Ba4 {[%clk 1:32:13]} Nf6
{[%clk 1:29:45]} 5. d3 {[%clk 1:32:37]} d6 {[%clk 1:29:45]} 6. c4 {[%clk
1:32:56]} Be7 {[%clk 1:20:44]} 7. Nc3 {[%clk 1:32:48]} Bd7 {[%clk 1:15:37]} 8.
O-O {[%clk 1:30:45]} O-O {[%clk 1:03:49]} 9. h3 {[%clk 1:30:01]} Nd4 {[%clk
1:00:04]} 10. Bxd7 {[%clk 1:23:22]} Nxf3+ {[%clk 0:38:37]} 11. Qxf3 {[%clk
1:23:14]} Qxd7 {[%clk 0:38:12]} 12. Be3 {[%clk 1:11:50]} b5 {[%clk 0:32:14]} 13.
b3 {[%clk 0:55:49]} c6 {[%clk 0:30:16]} 14. Rfd1 {[%clk 0:34:19]} Qe6 {[%clk
0:23:53]} 15. Rac1 {[%clk 0:27:15]} b4 {[%clk 0:20:08]} 16. Ne2 {[%clk 0:23:23]}
c5 {[%clk 0:18:58]} 17. Ng3 {[%clk 0:23:11]} g6 {[%clk 0:18:33]} 18. Qe2 {[%clk
0:19:49]} Nd7 {[%clk 0:15:54]} 19. Bh6 {[%clk 0:18:51]} Rfe8 {[%clk 0:15:48]} 20.
f4 {[%clk 0:17:52]} exf4 {[%clk 0:16:06]} 21. Bxf4 {[%clk 0:18:00]} Bf6 {[%clk
0:15:06]} 22. Rf1 {[%clk 0:16:35]} Bg7 {[%clk 0:08:13]} 23. Rce1 {[%clk 0:15:31]}
Ne5 {[%clk 0:07:29]} 24. Kh1 {[%clk 0:14:59]} a5 {[%clk 0:06:57]} 25. Qd1 {[%clk
0:11:02]} Nc6 {[%clk 0:06:09]} 26. Ne2 {[%clk 0:10:06]} a4 {[%clk 0:03:56]} 27.
Be3 {[%clk 0:06:24]} axb3 {[%clk 0:03:43]} 28. axb3 {[%clk 0:05:42]} Ra2 {[%clk
0:00:53]} 29. Nf4 {[%clk 0:06:01]} Qd7 {[%clk 0:00:39]} 30. Nd5 {[%clk 0:06:01]}
Qd8 {[%clk 0:00:35]} 31. Qf3 {[%clk 0:06:16]} Ne5 {[%clk 0:00:38]} 32. Qd1 {[%clk
0:05:40]} Re6 {[%clk 0:00:34]} 33. d4 {[%clk 0:05:04]} Nd7 {[%clk 0:00:44]} 34.
Qf3 {[%clk 0:03:44]} f6 {[%clk 0:00:33]} 35. dxc5 {[%clk 0:02:43]} dxc5 {[%clk
0:00:46]} 36. Rd1 {[%clk 0:02:29]} Raa6 {[%clk 0:00:39]} 37. Rd2 {[%clk 0:01:55]}
Rad6 {[%clk 0:00:33]} 38. Nf4 {[%clk 0:01:42]} Ne5 {[%clk 0:00:38]} 39. Qg3
{[%clk 0:01:06]} Rxd2 {[%clk 0:00:33]} 40. Nxe6 {[%clk 0:31:29]} Qd3 {[%clk
0:30:49]} 41. Nxc5 {[%clk 0:31:44]} Qxf1+ {[%clk 0:31:14]} 0-1

[Event "Greek Team Championship"]
[Site "chess24.com"]
[Date "2017.07.03"]
[Round "1"]
[White "Ratsma, Rosa"]
[Black "Antova, Gabriela"]
[Result "1/2-1/2"]
[Board "5"]
[WhiteElo "2137"]
[WhiteCountry "NED"]
[WhiteFideId "1033662"]
[WhiteEloChange "4"]
[BlackElo "2289"]
[BlackTitle "FM"]
[BlackCountry "BUL"]
[BlackFideId "2915235"]
[BlackEloChange "-4"]

1. e4 {[%clk 1:30:55]} c5 {[%clk 1:30:55]} 2. Nf3 {[%clk 1:31:17]} d6 {[%clk
1:31:17]} 3. d4 {[%clk 1:31:26]} cxd4 {[%clk 1:31:40]} 4. Nxd4 {[%clk 1:31:50]}
Nf6 {[%clk 1:32:01]} 5. Nc3 {[%clk 1:32:06]} a6 {[%clk 1:32:22]} 6. h4 {[%clk
1:31:15]} b5 {[%clk 1:25:56]} 7. a4 {[%clk 1:30:41]} b4 {[%clk 1:25:41]} 8. Nd5
{[%clk 1:30:51]} Nxd5 {[%clk 1:10:09]} 9. exd5 {[%clk 1:31:12]} Bb7 {[%clk
1:10:00]} 10. Bc4 {[%clk 1:27:07]} Qc7 {[%clk 1:05:04]} 11. Bb3 {[%clk 1:22:55]}
Nd7 {[%clk 0:57:48]} 12. O-O {[%clk 1:18:18]} Nf6 {[%clk 0:50:35]} 13. Re1 {[%clk
1:06:03]} g6 {[%clk 0:44:01]} 14. a5 {[%clk 0:43:51]} Bg7 {[%clk 0:33:47]} 15.
Nf3 {[%clk 0:35:08]} O-O {[%clk 0:33:20]} 16. Be3 {[%clk 0:32:52]} Rac8 {[%clk
0:25:18]} 17. Bb6 {[%clk 0:27:09]} Qd7 {[%clk 0:24:57]} 18. Qd3 {[%clk 0:27:16]}
Nh5 {[%clk 0:20:58]} 19. Qe4 {[%clk 0:22:15]} Bxb2 {[%clk 0:18:37]} 20. Ra4
{[%clk 0:22:32]} Nf6 {[%clk 0:17:18]} 21. Qxe7 {[%clk 0:20:01]} Qxe7 {[%clk
0:16:11]} 22. Rxe7 {[%clk 0:20:25]} Bxd5 {[%clk 0:16:24]} 23. Rxb4 {[%clk
0:19:35]} Bc3 {[%clk 0:09:57]} 24. Ra4 {[%clk 0:18:44]} Rfe8 {[%clk 0:08:39]} 25.
Ra7 {[%clk 0:17:07]} Ra8 {[%clk 0:08:23]} 26. Rxa8 {[%clk 0:14:30]} Rxa8 {[%clk
0:08:31]} 27. Bxd5 {[%clk 0:12:18]} Nxd5 {[%clk 0:09:00]} 28. Rc4 {[%clk
0:11:59]} Kf8 {[%clk 0:07:16]} 29. Ng5 {[%clk 0:10:17]} h6 {[%clk 0:07:04]} 30.
Ne4 {[%clk 0:10:21]} Be5 {[%clk 0:06:47]} 31. Bd4 {[%clk 0:07:05]} Ke7 {[%clk
0:04:18]} 32. Bxe5 {[%clk 0:07:06]} dxe5 {[%clk 0:04:46]} 33. Rc5 {[%clk
0:05:46]} Ke6 {[%clk 0:04:39]} 34. Rc6+ {[%clk 0:05:51]} Ke7 {[%clk 0:04:40]} 35.
c4 {[%clk 0:04:07]} Nb4 {[%clk 0:04:58]} 36. Rb6 {[%clk 0:03:21]} Nd3 {[%clk
0:04:27]} 37. Nc3 {[%clk 0:02:37]} Rc8 {[%clk 0:02:55]} 38. Nd5+ {[%clk 0:02:57]}
Kf8 {[%clk 0:02:35]} 39. Rxa6 {[%clk 0:01:12]} Rxc4 {[%clk 0:02:58]} 40. Ra8+
{[%clk 0:31:17]} Kg7 {[%clk 0:33:20]} 41. a6 {[%clk 0:29:37]} Rc1+ {[%clk
0:25:18]} 42. Kh2 {[%clk 0:30:02]} Nxf2 {[%clk 0:24:37]} 43. Kg3 {[%clk 0:25:39]}
Ne4+ {[%clk 0:14:12]} 44. Kf3 {[%clk 0:25:50]} Nf6 {[%clk 0:13:35]} 45. a7 {[%clk
0:18:30]} e4+ {[%clk 0:11:17]} 46. Ke2 {[%clk 0:18:42]} Rc2+ {[%clk 0:11:18]} 47.
Ke1 {[%clk 0:18:20]} Ra2 {[%clk 0:11:39]} 48. Nc3 {[%clk 0:15:43]} Ra5 {[%clk
0:10:59]} 49. Ke2 {[%clk 0:13:10]} h5 {[%clk 0:09:38]} 50. Kd2 {[%clk 0:08:53]}
Nd5 {[%clk 0:03:34]} 51. Nxd5 {[%clk 0:04:02]} Rxd5+ {[%clk 0:04:02]} 52. Ke3
{[%clk 0:04:05]} 1/2-1/2

[Event "Greek Team Championship"]
[Site "chess24.com"]
[Date "2017.07.03"]
[Round "1"]
[White "Vozinaki, Anthi - Maria"]
[Black "Papageorgiou, Fotini"]
[Result "1-0"]
[Board "6"]
[WhiteElo "1837"]
[WhiteCountry "GRE"]
[WhiteFideId "4263898"]
[WhiteEloChange "2"]
[BlackElo "1427"]
[BlackCountry "GRE"]
[BlackFideId "4238265"]
[BlackEloChange "-2"]

1. e4 {[%clk 1:30:57]} e5 {[%clk 1:30:56]} 2. Nf3 {[%clk 1:31:20]} Nc6 {[%clk
1:31:19]} 3. d4 {[%clk 1:31:04]} exd4 {[%clk 1:31:36]} 4. Bc4 {[%clk 1:31:26]}
Bc5 {[%clk 1:31:33]} 5. Ng5 {[%clk 1:31:43]} Nh6 {[%clk 1:30:20]} 6. Nxf7 {[%clk
1:32:03]} Nxf7 {[%clk 1:19:43]} 7. Bxf7+ {[%clk 1:32:27]} Kxf7 {[%clk 1:20:09]}
8. Qh5+ {[%clk 1:32:52]} g6 {[%clk 1:18:01]} 9. Qxc5 {[%clk 1:33:14]} Qe7 {[%clk
1:08:35]} 10. Qxe7+ {[%clk 1:18:58]} Nxe7 {[%clk 1:08:25]} 11. Bf4 {[%clk
1:15:51]} d6 {[%clk 1:04:28]} 12. Nd2 {[%clk 1:13:06]} Nc6 {[%clk 0:37:24]} 13.
a3 {[%clk 1:08:18]} Re8 {[%clk 0:32:44]} 14. O-O {[%clk 1:04:53]} Be6 {[%clk
0:30:39]} 15. Rad1 {[%clk 0:51:28]} Ne5 {[%clk 0:27:12]} 16. Nf3 {[%clk 0:46:07]}
Bc4 {[%clk 0:22:45]} 17. Rfe1 {[%clk 0:44:46]} c5 {[%clk 0:21:13]} 18. Ng5+
{[%clk 0:36:18]} Kg7 {[%clk 0:21:22]} 19. b3 {[%clk 0:34:32]} Bg8 {[%clk
0:20:50]} 20. Bg3 {[%clk 0:32:55]} h6 {[%clk 0:20:04]} 21. Nh3 {[%clk 0:32:50]}
Be6 {[%clk 0:19:33]} 22. Nf4 {[%clk 0:31:14]} Rad8 {[%clk 0:19:16]} 23. Nxe6+
{[%clk 0:29:51]} Rxe6 {[%clk 0:19:41]} 24. h3 {[%clk 0:28:22]} Rde8 {[%clk
0:19:06]} 25. f3 {[%clk 0:25:56]} b5 {[%clk 0:18:23]} 26. Rb1 {[%clk 0:21:51]} a5
{[%clk 0:16:59]} 27. Red1 {[%clk 0:19:56]} Nc6 {[%clk 0:13:29]} 28. Bf2 {[%clk
0:17:31]} Rd8 {[%clk 0:13:28]} 29. b4 {[%clk 0:15:00]} axb4 {[%clk 0:13:28]} 30.
axb4 {[%clk 0:14:16]} Nxb4 {[%clk 0:13:02]} 31. Bxd4+ {[%clk 0:14:34]} Kf7 {[%clk
0:13:17]} 32. Bxc5 {[%clk 0:13:24]} Nc6 {[%clk 0:11:07]} 33. Be3 {[%clk 0:12:43]}
b4 {[%clk 0:10:19]} 34. Bxh6 {[%clk 0:11:44]} Kf6 {[%clk 0:09:28]} 35. Bf4 {[%clk
0:10:36]} Kf7 {[%clk 0:08:16]} 36. Rd5 {[%clk 0:09:57]} Ne7 {[%clk 0:07:47]} 37.
Rd3 {[%clk 0:09:23]} Nc6 {[%clk 0:06:26]} 38. Rbd1 {[%clk 0:09:18]} Kf6 {[%clk
0:03:50]} 39. Rxd6 {[%clk 0:08:21]} Rdxd6 {[%clk 0:03:56]} 40. Rxd6 {[%clk
0:38:29]} Rxd6 {[%clk 0:33:44]} 41. Bxd6 {[%clk 0:38:52]} Nd4 {[%clk 0:34:04]}
42. Bxb4 {[%clk 0:39:03]} Nxc2 {[%clk 0:34:28]} 43. Bc3+ {[%clk 0:39:25]} Ke6
{[%clk 0:34:45]} 44. Kf2 {[%clk 0:39:43]} 1-0